000 00422nam a2200157 i 4500
001 70193
003 ES-MaACL
005 20230906170740.0
007 t|
008 040720s1967 sp ||||1| spa d
100 1 _aGarcía Pérez, Juan.
_955111
245 1 0 _aAmarás a tu prójimo /
_cJuan García Pérez.
260 _aBarcelona :
_bFerma,
_c1967.
300 _a264 p. ;
_c19 cm.
852 _aES-MaACL
_jC-32844
_bR.62475
999 _c70193
_d70193